[Event "Titled Tuesday intern op 01st Aug Early"]
[Site "Chess.com INT"]
[Date "2023.08.01"]
[Round "10"]
[White "Mayaud, Raphael"]
[Black "Tabak, Stefan"]
[Result "1-0"]
[WhiteElo "2201"]
[BlackElo "2129"]
[PlyCount "37"]
[EventDate "2023.08.01"]
[EventType "swiss (blitz)"]
[EventRounds "11"]
[EventCountry "USA"]
[SourceTitle "EXT 2024"]
[Source "ChessBase"]
[SourceDate "2023.10.10"]
[SourceVersion "1"]
[SourceVersionDate "2023.10.10"]
[SourceQuality "1"]

1. d4 d5 2. Nf3 Nf6 3. c4 e6 4. g3 Bb4+ 5. Bd2 Bxd2+ 6. Nbxd2 0-0 7. Bg2 c5 8. dxc5 Na6 9. 0-0 Nxc5 10. Nb3 Nce4 11. cxd5 Qxd5 12. Qxd5 Nxd5 13. Nfd4 Nef6 14. a3 b6 15. e4 Ne7 16. Nb5 Ba6 17. a4 Rac8 18. Rfc1 Rc7 19. Nxc7 1-0

[Event "Titled Tuesday intern op 01st Aug Early"]
[Site "Chess.com INT"]
[Date "2023.08.01"]
[Round "5"]
[White "Tabak, Stefan"]
[Black "Pershina, Elena"]
[Result "0-1"]
[WhiteElo "2129"]
[BlackElo "2114"]
[PlyCount "138"]
[EventDate "2023.08.01"]
[EventType "swiss (blitz)"]
[EventRounds "11"]
[EventCountry "USA"]
[SourceTitle "EXT 2024"]
[Source "ChessBase"]
[SourceDate "2023.10.10"]
[SourceVersion "1"]
[SourceVersionDate "2023.10.10"]
[SourceQuality "1"]

1. e4 c5 2. Nf3 Nc6 3. Bb5 g6 4. 0-0 Bg7 5. Nc3 Nd4 6. Nxd4 cxd4 7. Ne2 e6 8. c3 Qb6 9. Bc4 Ne7 10. Nxd4 Bxd4 11. cxd4 Qxd4 12. d3 0-0 13. Bh6 Rd8 14. Bg5 f6 15. Be3 Qxb2 16. Rb1 Qa3 17. Qf3 Kf7 18. Bd4 Ng8 19. g4 Qe7 20. h4 d6 21. g5 Kg7 22. gxf6+ Nxf6 23. e5 dxe5 24. Bxe5 Rf8 25. Qe3 Kg8 26. Qh6 Qg7 27. Qg5 h6 28. Qg3 Kh7 29. Rfe1 Qf7 30. d4 Nh5 31. Qg4 Qxf2+ 32. Kh1 Qf3+ 33. Qxf3 Rxf3 34. Rf1 Rf5 35. Rxf5 gxf5 36. Rg1 Bd7 37. d5 exd5 38. Bxd5 Bc6 39. Bxc6 bxc6 40. Rc1 Rc8 41. Rb1 c5 42. Kg2 Kg6 43. Kf3 Nf6 44. Rb7 Nd5 45. Rxa7 c4 46. Ra6+ Kh5 47. Bg7 Kxh4 48. Rxh6+ Kg5 49. Rh1 c3 50. Rc1 c2 51. Bb2 Nb4 52. Ke2 Nxa2 53. Ra1 c1Q 54. Bxc1+ Nxc1+ 55. Kf3 Nb3 56. Rg1+ Kf6 57. Rb1 Nd4+ 58. Ke3 Ne6 59. Rb6 Rc4 60. Kf3 Ra4 61. Rb3 Ke5 62. Rb5+ Kf6 63. Kg3 f4+ 64. Kf2 Ng5 65. Rb6+ Kf5 66. Rb8 Kg4 67. Rg8 Ra2+ 68. Kf1 Kf3 69. Rxg5 Ra1# 0-1

[Event "Titled Tuesday intern op 11th Jul Early"]
[Site "Chess.com INT"]
[Date "2023.07.11"]
[Round "5"]
[White "Tabak, Stefan"]
[Black "Szyszylo, Rafal"]
[Result "1-0"]
[WhiteElo "2129"]
[BlackElo "2074"]
[PlyCount "79"]
[EventDate "2023.07.11"]
[EventType "swiss (blitz)"]
[EventRounds "11"]
[EventCountry "USA"]
[SourceTitle "EXT 2024"]
[Source "ChessBase"]
[SourceDate "2023.10.10"]
[SourceVersion "1"]
[SourceVersionDate "2023.10.10"]
[SourceQuality "1"]

1. e4 g6 2. d4 d6 3. Nc3 Nf6 4. Nf3 Bg7 5. Be2 0-0 6. 0-0 Bg4 7. h3 Bxf3 8. Bxf3 e5 9. Be3 Nc6 10. d5 Ne7 11. Qd2 Nd7 12. Ne2 f5 13. Bg5 f4 14. b4 Nf6 15. c4 h6 16. Bxf6 Bxf6 17. c5 h5 18. a4 Kg7 19. Qc3 Rf7 20. b5 Ng8 21. a5 dxc5 22. Qxc5 Be7 23. Qc3 Bd6 24. Nc1 Nf6 25. Nd3 Qe7 26. Rfc1 g5 27. Nc5 g4 28. Ne6+ Kh7 29. hxg4 hxg4 30. Be2 Rg8 31. b6 cxb6 32. axb6 axb6 33. Rab1 Kh8 34. Rxb6 Nxe4 35. Qb2 f3 36. Bd3 Nc5 37. Rxc5 Bxc5 38. Qxe5+ Qf6 39. Qh5+ Rh7 40. Qxh7# 1-0

[Event "Titled Tuesday intern op 04th Jul Early"]
[Site "Chess.com INT"]
[Date "2023.07.04"]
[Round "5"]
[White "Tabak, Stefan"]
[Black "Weetik, Vjacheslav"]
[Result "0-1"]
[WhiteElo "2129"]
[BlackElo "2423"]
[PlyCount "56"]
[EventDate "2023.07.04"]
[EventType "swiss (blitz)"]
[EventRounds "11"]
[EventCountry "USA"]
[SourceTitle "EXT 2024"]
[Source "ChessBase"]
[SourceDate "2023.10.10"]
[SourceVersion "1"]
[SourceVersionDate "2023.10.10"]
[SourceQuality "1"]

1. e4 c6 2. Nc3 d5 3. Nf3 dxe4 4. Nxe4 Nf6 5. Qe2 Na6 6. Nxf6+ gxf6 7. d3 Qd5 8. Qe4 Qxe4+ 9. dxe4 Nb4 10. Bd3 Rg8 11. g3 Bg4 12. Ke2 0-0-0 13. Rd1 e5 14. a3 Nxd3 15. Rxd3 Be7 16. Be3 f5 17. Rxd8+ Rxd8 18. h3 Bh5 19. exf5 e4 20. g4 exf3+ 21. Kxf3 Rd5 22. c4 Rxf5+ 23. Ke4 Ra5 24. Bd2 Bg6+ 25. Kd4 Bf6+ 26. Ke3 Bxb2 27. Bxa5 Bxa1 28. f4 f5 0-1

[Event "Titled Tuesday intern op 25th Apr Late"]
[Site "Chess.com INT"]
[Date "2023.04.25"]
[Round "1"]
[White "Baziuk, Vladyslav"]
[Black "Tabak, Stefan"]
[Result "1-0"]
[WhiteElo "2201"]
[BlackElo "2155"]
[PlyCount "89"]
[EventDate "2023.04.25"]
[EventType "swiss (blitz)"]
[EventRounds "11"]
[EventCountry "USA"]
[SourceTitle "EXT 2024"]
[Source "ChessBase"]
[SourceDate "2023.10.10"]
[SourceVersion "1"]
[SourceVersionDate "2023.10.10"]
[SourceQuality "1"]

1. e4 c5 2. Nf3 Nc6 3. Bb5 g6 4. Bxc6 dxc6 5. d3 Bg7 6. h3 Nf6 7. a4 a5 8. Be3 b6 9. Nbd2 0-0 10. 0-0 Nd7 11. Rb1 Qc7 12. Nc4 e5 13. Qc1 Ba6 14. b3 f6 15. Nh2 Rad8 16. f4 Kh8 17. Ng4 h5 18. Nh2 Kh7 19. Nf3 Rfe8 20. fxe5 Nxe5 21. Ncxe5 fxe5 22. Ng5+ Kg8 23. Qe1 Qd7 24. Qg3 Rf8 25. Nf3 Qd6 26. Nh4 Kh7 27. Bg5 Rde8 28. Rf3 Rxf3 29. Nxf3 Rf8 30. Rf1 Bc8 31. Qh4 Kg8 32. Be7 Qe6 33. Bxf8 Bxf8 34. Ng5 Qe7 35. Rf7 Qd8 36. Qf2 Be7 37. h4 Bxg5 38. hxg5 Be6 39. Rf6 Qe8 40. Qg3 Bf7 41. Qf3 Qe7 42. g4 hxg4 43. Qxg4 Kg7 44. Qh4 Be6 45. Qh6+ 1-0

[Event "Titled Tuesday intern op 25th Apr Late"]
[Site "Chess.com INT"]
[Date "2023.04.25"]
[Round "9"]
[White "Tabak, Stefan"]
[Black "Srdanovic, Jovana"]
[Result "1-0"]
[WhiteElo "2155"]
[BlackElo "2065"]
[PlyCount "49"]
[EventDate "2023.04.25"]
[EventType "swiss (blitz)"]
[EventRounds "11"]
[EventCountry "USA"]
[SourceTitle "EXT 2024"]
[Source "ChessBase"]
[SourceDate "2023.10.10"]
[SourceVersion "1"]
[SourceVersionDate "2023.10.10"]
[SourceQuality "1"]

1. e4 c6 2. d4 d5 3. exd5 cxd5 4. Bd3 Nc6 5. h3 Qc7 6. Nf3 g6 7. 0-0 Bf5 8. c3 Bxd3 9. Qxd3 Bg7 10. a4 Nf6 11. Na3 a6 12. Nc2 0-0 13. Re1 e6 14. g3 Rfe8 15. Bf4 Qd7 16. Ne5 Nxe5 17. Bxe5 Rac8 18. Ne3 b5 19. axb5 axb5 20. Ra5 b4 21. cxb4 Nh5 22. Bxg7 Nxg7 23. Rea1 Red8 24. Ng4 Nf5 25. Nf6+ 1-0

[Event "Titled Tuesday intern op 28th Mar Early"]
[Site "Chess.com INT"]
[Date "2023.03.28"]
[Round "8"]
[White "Garrido, Denis"]
[Black "Tabak, Stefan"]
[Result "0-1"]
[WhiteElo "2205"]
[BlackElo "2148"]
[PlyCount "112"]
[EventDate "2023.03.28"]
[EventType "swiss (blitz)"]
[EventRounds "11"]
[EventCountry "USA"]
[SourceTitle "EXT 2024"]
[Source "ChessBase"]
[SourceDate "2023.10.10"]
[SourceVersion "1"]
[SourceVersionDate "2023.10.10"]
[SourceQuality "1"]

1. e4 c5 2. Nf3 Nc6 3. d4 cxd4 4. Nxd4 Nf6 5. Nc3 e5 6. Ndb5 d6 7. Bg5 a6 8. Na3 b5 9. Nd5 Be7 10. Bxf6 Bxf6 11. c3 0-0 12. Nc2 Rb8 13. h4 g6 14. Bd3 Be6 15. Nce3 Bxh4 16. Qf3 Bg5 17. g4 Bxd5 18. Nxd5 Kg7 19. Ke2 Ne7 20. Ne3 b4 21. c4 Nc6 22. Qh3 Nd4+ 23. Kf1 h6 24. Kg2 Ne6 25. Nd5 a5 26. b3 Rc8 27. Rad1 Rc5 28. Qf3 Nd4 29. Qh3 Qa8 30. Kf1 a4 31. Rh2 axb3 32. axb3 Qa2 33. f4 Qxb3 34. fxg5 Qxd1+ 35. Kf2 Qd2+ 36. Kf1 Qd1+ 37. Kf2 h5 38. gxh5 gxh5 39. Nf6 Qd2+ 40. Kf1 Qf4+ 41. Rf2 Qc1+ 42. Kg2 Rh8 43. Nxh5+ Kf8 44. g6 Qg5+ 45. Kf1 Rxh5 46. Rxf7+ Kg8 47. Rg7+ Kxg7 48. Qd7+ Kxg6 49. Qe8+ Kg7 50. Qd7+ Kg8 51. Qe8+ Kh7 52. Qf7+ Kh6 53. Qf8+ Qg7 54. Qxd6+ Kh7 55. Qxc5 Rh1+ 56. Kf2 Qg1# 0-1

[Event "Titled Tuesday intern op 28th Mar Early"]
[Site "Chess.com INT"]
[Date "2023.03.28"]
[Round "3"]
[White "Kokoszczynski, Jan"]
[Black "Tabak, Stefan"]
[Result "1-0"]
[WhiteElo "2247"]
[BlackElo "2148"]
[PlyCount "85"]
[EventDate "2023.03.28"]
[EventType "swiss (blitz)"]
[EventRounds "11"]
[EventCountry "USA"]
[SourceTitle "EXT 2024"]
[Source "ChessBase"]
[SourceDate "2023.10.10"]
[SourceVersion "1"]
[SourceVersionDate "2023.10.10"]
[SourceQuality "1"]

1. c4 e5 2. Nc3 Nf6 3. Nf3 Nc6 4. e4 a6 5. d4 exd4 6. Nxd4 Bb4 7. Nxc6 bxc6 8. Bd3 0-0 9. 0-0 d6 10. Bg5 h6 11. Bh4 Re8 12. Rc1 c5 13. Nd5 g5 14. Bg3 Nxd5 15. exd5 Qf6 16. Qc2 h5 17. f3 Kg7 18. Bf2 Bd7 19. Rb1 Rab8 20. Be4 Ba5 21. a3 Qe5 22. Rfd1 g4 23. Kh1 f5 24. Bd3 f4 25. Be4 g3 26. Bg1 Qg5 27. h3 Qh4 28. Bf5 Rbd8 29. b4 cxb4 30. Bd4+ Kf8 31. Bxd7 Rxd7 32. axb4 Bb6 33. c5 Ba7 34. c6 Rf7 35. Bxa7 Rfe7 36. Qf5+ Kg8 37. Bd4 Rf7 38. Qg6+ Kf8 39. Re1 Rxe1+ 40. Rxe1 Re7 41. Bg7+ Kg8 42. Bf6+ Rg7 43. Re8# 1-0

[Event "Titled Tuesday intern op 28th Mar Early"]
[Site "Chess.com INT"]
[Date "2023.03.28"]
[Round "6"]
[White "Tabak, Stefan"]
[Black "Gonzalez, Francisco Silva"]
[Result "1/2-1/2"]
[WhiteElo "2148"]
[BlackElo "2021"]
[PlyCount "111"]
[EventDate "2023.03.28"]
[EventType "swiss (blitz)"]
[EventRounds "11"]
[EventCountry "USA"]
[SourceTitle "EXT 2024"]
[Source "ChessBase"]
[SourceDate "2023.10.10"]
[SourceVersion "1"]
[SourceVersionDate "2023.10.10"]
[SourceQuality "1"]

1. e4 e5 2. Nf3 Nc6 3. d4 exd4 4. Nxd4 Bc5 5. Nb3 Bb6 6. Nc3 a5 7. Bb5 Nge7 8. Bg5 h6 9. Bh4 0-0 10. Nd5 Qe8 11. Bxc6 Nxc6 12. 0-0 Qxe4 13. Bg3 a4 14. Nc1 Ba5 15. Nxc7 Bxc7 16. Bxc7 d5 17. Nd3 Bg4 18. Qd2 Rfe8 19. Rae1 Qd4 20. c3 Qa7 21. Rxe8+ Rxe8 22. Re1 Qa8 23. Bf4 b6 24. h3 Bf5 25. Ne5 Nxe5 26. Rxe5 Rxe5 27. Bxe5 Qc6 28. Qd4 f6 29. Bf4 Bb1 30. a3 Ba2 31. Be3 b5 32. Qb4 Bc4 33. Qe7 d4 34. Qd8+ Kh7 35. Qxd4 Qd5 36. Qg4 Qe5 37. Bd4 Qe2 38. Qf5+ Kg8 39. Qc8+ Kh7 40. Qd7 Qe6 41. Qxe6 Bxe6 42. Kf1 Kg6 43. Ke2 Kf7 44. Ke3 Bd5 45. g3 g5 46. h4 Kg6 47. hxg5 fxg5 48. f4 h5 49. fxg5 Kxg5 50. Be5 Kg4 51. Bd6 Bc4 52. Kd4 h4 53. gxh4 Kxh4 54. Kc5 Kg4 55. Kb4 Kf3 56. Bc5 1/2-1/2

[Event "Titled Tuesday intern op 28th Mar Early"]
[Site "Chess.com INT"]
[Date "2023.03.28"]
[Round "7"]
[White "Tabak, Stefan"]
[Black "Krzywda, Andrzej"]
[Result "0-1"]
[WhiteElo "2148"]
[BlackElo "2235"]
[PlyCount "106"]
[EventDate "2023.03.28"]
[EventType "swiss (blitz)"]
[EventRounds "11"]
[EventCountry "USA"]
[SourceTitle "EXT 2024"]
[Source "ChessBase"]
[SourceDate "2023.10.10"]
[SourceVersion "1"]
[SourceVersionDate "2023.10.10"]
[SourceQuality "1"]

1. e4 e5 2. Nf3 Nf6 3. Nc3 Nc6 4. Bb5 Nd4 5. Nxd4 exd4 6. Ne2 c6 7. Bd3 d5 8. e5 Nd7 9. Nxd4 Nxe5 10. Qe2 Qe7 11. 0-0 Nxd3 12. Qxd3 g6 13. Nf3 Bg7 14. Re1 Be6 15. Qe3 0-0 16. d4 h6 17. c3 a5 18. a4 Rae8 19. Qf4 g5 20. Qg3 Qf6 21. Ne5 Bf5 22. Bd2 Qd6 23. h4 f6 24. Nf3 Qxg3 25. fxg3 Be4 26. Kf2 Re6 27. Re3 Rfe8 28. Rae1 Bf8 29. Bc1 Bd6 30. Nd2 f5 31. Nxe4 fxe4 32. Kg1 Rf8 33. hxg5 hxg5 34. Rf1 Ref6 35. Rxf6 Rxf6 36. Bd2 Kg7 37. Be1 Kf7 38. Re2 Ke6 39. Rf2 Rf5 40. g4 Rxf2 41. Kxf2 Bf4 42. b3 b6 43. Ke2 Kd6 44. Bd2 Bxd2 45. Kxd2 c5 46. Ke3 Kc6 47. g3 b5 48. axb5+ Kxb5 49. dxc5 Kxc5 50. Kd2 d4 51. c4 a4 52. bxa4 Kxc4 53. Ke2 Kb4 0-1

[Event "Titled Tuesday intern op 28th Mar Early"]
[Site "Chess.com INT"]
[Date "2023.03.28"]
[Round "10"]
[White "Tabak, Stefan"]
[Black "Mazurkiewicz, Michal"]
[Result "0-1"]
[WhiteElo "2148"]
[BlackElo "2145"]
[PlyCount "58"]
[EventDate "2023.03.28"]
[EventType "swiss (blitz)"]
[EventRounds "11"]
[EventCountry "USA"]
[SourceTitle "EXT 2024"]
[Source "ChessBase"]
[SourceDate "2023.10.10"]
[SourceVersion "1"]
[SourceVersionDate "2023.10.10"]
[SourceQuality "1"]

1. e4 d6 2. d4 Nf6 3. Nc3 c6 4. f3 e5 5. Be3 Be7 6. Qd2 0-0 7. 0-0-0 b5 8. g4 Nfd7 9. dxe5 dxe5 10. Nce2 Qc7 11. Ng3 Bc5 12. Nf5 a5 13. Nh3 Qb6 14. Bxc5 Nxc5 15. Qg5 Ne6 16. Qe3 Qxe3+ 17. Nxe3 Nd4 18. Bg2 b4 19. Nf5 Bxf5 20. exf5 Na6 21. Kb1 Nc5 22. f4 f6 23. fxe5 fxe5 24. Rhe1 Rae8 25. Re3 h5 26. gxh5 Rxf5 27. c3 bxc3 28. bxc3 Rb8+ 29. Ka1 Nc2# 0-1

[Event "Titled Tuesday intern op 14th Mar Late"]
[Site "Chess.com INT"]
[Date "2023.03.14"]
[Round "10"]
[White "Tabak, Stefan"]
[Black "Hajiyev, Kanan"]
[Result "0-1"]
[WhiteElo "2148"]
[BlackElo "2183"]
[PlyCount "106"]
[EventDate "2023.03.14"]
[EventType "swiss (blitz)"]
[EventRounds "11"]
[EventCountry "USA"]
[SourceTitle "EXT 2024"]
[Source "ChessBase"]
[SourceDate "2023.10.10"]
[SourceVersion "1"]
[SourceVersionDate "2023.10.10"]
[SourceQuality "1"]

1. e4 c6 2. Nf3 d5 3. Nc3 a6 4. d4 Bg4 5. exd5 cxd5 6. Bd3 Nc6 7. Be3 e6 8. h3 Bh5 9. 0-0 Nf6 10. Nb1 Qb6 11. Nbd2 Bd6 12. Rb1 0-0 13. c3 Qc7 14. a4 Rab8 15. Qc2 Rfc8 16. Qd1 Na5 17. b4 Nc4 18. Nxc4 dxc4 19. Bc2 Nd5 20. Qd2 Bxf3 21. gxf3 Qe7 22. Bg5 Qc7 23. Kh1 Bf4 24. Bxf4 Qxf4 25. Qxf4 Nxf4 26. Kh2 Ne2 27. Be4 Nxc3 28. Ra1 f5 29. Bc2 Rd8 30. Ra3 Ne2 31. Re1 Nxd4 32. Bb1 Nxf3+ 33. Rxf3 Kf7 34. Rc3 b5 35. axb5 axb5 36. Kg3 Kf6 37. Rce3 Rb6 38. Kf3 g5 39. Re5 Rd2 40. Rc5 Rb2 41. Ke3 Rxb4 42. Kd4 Rd6+ 43. Kc3 Rb3+ 44. Kc2 h5 45. Ba2 Ra3 46. Kb2 Ra5 47. Ree5 Rd2+ 48. Kb1 Raxa2 49. Rxb5 Rdb2+ 50. Rxb2 Rxb2+ 51. Kxb2 Kxe5 52. Kc3 Kd5 53. f3 h4 0-1

[Event "Titled Tuesday intern op 7th Mar Early"]
[Site "Chess.com INT"]
[Date "2023.03.07"]
[Round "1"]
[White "Papp, Levente"]
[Black "Tabak, Stefan"]
[Result "1-0"]
[WhiteElo "2350"]
[BlackElo "2148"]
[PlyCount "95"]
[EventDate "2023.03.07"]
[EventType "swiss (blitz)"]
[EventRounds "11"]
[EventCountry "USA"]
[SourceTitle "EXT 2024"]
[Source "ChessBase"]
[SourceDate "2023.10.10"]
[SourceVersion "1"]
[SourceVersionDate "2023.10.10"]
[SourceQuality "1"]

1. b3 e5 2. Bb2 Nc6 3. c4 Nf6 4. Nc3 d5 5. cxd5 Nxd5 6. g3 Be6 7. Bg2 Be7 8. Nf3 0-0 9. 0-0 Qd7 10. Rc1 Rad8 11. Ne4 f6 12. Nc5 Bxc5 13. Rxc5 Nb6 14. d3 Bh3 15. a3 Bxg2 16. Kxg2 Qd6 17. Qc2 Rde8 18. b4 a6 19. Rc1 f5 20. Qc3 Rf7 21. Nxe5 Nxe5 22. Rxe5 Rxe5 23. Qxe5 Qxe5 24. Bxe5 c6 25. f4 Rd7 26. Kf3 g6 27. h3 Kf7 28. g4 Ke6 29. gxf5+ gxf5 30. Rg1 Nc8 31. Rg8 Ne7 32. Rf8 Ng6 33. Rf6+ Ke7 34. Rxf5 Nh4+ 35. Kg4 Nxf5 36. Kxf5 Kf7 37. d4 Rd8 38. e4 Rg8 39. d5 cxd5 40. exd5 Rg3 41. d6 Rxa3 42. Ke4 Ra2 43. f5 Re2+ 44. Kd5 Rd2+ 45. Bd4 Ke8 46. f6 Kd7 47. f7 Rd1 48. f8Q 1-0

[Event "Titled Tuesday intern op 7th Mar Early"]
[Site "Chess.com INT"]
[Date "2023.03.07"]
[Round "5"]
[White "Szyszylo, Rafal"]
[Black "Tabak, Stefan"]
[Result "0-1"]
[WhiteElo "2081"]
[BlackElo "2148"]
[PlyCount "120"]
[EventDate "2023.03.07"]
[EventType "swiss (blitz)"]
[EventRounds "11"]
[EventCountry "USA"]
[SourceTitle "EXT 2024"]
[Source "ChessBase"]
[SourceDate "2023.10.10"]
[SourceVersion "1"]
[SourceVersionDate "2023.10.10"]
[SourceQuality "1"]

1. e4 c5 2. Nf3 e6 3. d4 cxd4 4. Nxd4 Nf6 5. Nc3 Nc6 6. Ndb5 d6 7. Bf4 e5 8. Bg5 a6 9. Na3 b5 10. Nd5 Be7 11. Bxf6 Bxf6 12. c3 0-0 13. Bd3 Rb8 14. Nc2 Bg5 15. 0-0 Be6 16. Nce3 Ne7 17. b4 Bxd5 18. Nxd5 Nxd5 19. exd5 f5 20. a4 Qc7 21. Ra3 e4 22. Bb1 Bf6 23. axb5 axb5 24. Qd2 Ra8 25. Rb3 Rfc8 26. Rc1 h6 27. f3 Bg5 28. f4 Bf6 29. Qe3 Ra1 30. Kf2 Qc4 31. Rb2 Bxc3 32. Rbc2 Bd4 33. Rxc4 Bxe3+ 34. Kxe3 bxc4 35. Kd4 c3 36. b5 Ra4+ 37. Ke3 Rb4 38. Bc2 Rxb5 39. Ba4 Rbc5 40. Bc6 Kf7 41. Kd4 c2 42. g4 fxg4 43. Kxe4 R8xc6 44. dxc6 Rxc6 45. Kd5 Rc8 46. Kxd6 Kf6 47. Kd7 Rc3 48. Ke8 Kf5 49. Kf7 g6 50. Kg7 h5 51. Kh6 Rc6 52. Kg7 Kxf4 53. Kh6 Ke3 54. Kg5 Kd2 55. Ra1 c1Q 56. Rxc1 Kxc1 57. h4 g3 58. Kf4 g2 59. Kg3 g1Q+ 60. Kh3 Rc3# 0-1

[Event "Titled Tuesday intern op 7th Mar Early"]
[Site "Chess.com INT"]
[Date "2023.03.07"]
[Round "2"]
[White "Tabak, Stefan"]
[Black "Mazurkiewicz, Michal"]
[Result "0-1"]
[WhiteElo "2148"]
[BlackElo "2145"]
[PlyCount "28"]
[EventDate "2023.03.07"]
[EventType "swiss (blitz)"]
[EventRounds "11"]
[EventCountry "USA"]
[SourceTitle "EXT 2024"]
[Source "ChessBase"]
[SourceDate "2023.10.10"]
[SourceVersion "1"]
[SourceVersionDate "2023.10.10"]
[SourceQuality "1"]

1. e4 d6 2. d4 Nf6 3. Bd3 c5 4. c3 Nc6 5. Nf3 Bg4 6. d5 Nb8 7. h3 Bd7 8. 0-0 g6 9. c4 Bg7 10. Nc3 0-0 11. Re1 Ne8 12. e5 dxe5 13. Nxe5 Nd6 14. Bg5 Bxe5 0-1

[Event "Titled Tuesday intern op 28th Feb Early"]
[Site "Chess.com INT"]
[Date "2023.02.28"]
[Round "7"]
[White "Bashirli, Saadat"]
[Black "Tabak, Stefan"]
[Result "1/2-1/2"]
[WhiteElo "1597"]
[BlackElo "2144"]
[PlyCount "111"]
[EventDate "2023.02.28"]
[EventType "swiss (blitz)"]
[EventRounds "11"]
[EventCountry "USA"]
[SourceTitle "CBM 213 Extra"]
[Source "ChessBase"]
[SourceDate "2023.05.31"]
[SourceVersion "1"]
[SourceVersionDate "2023.05.31"]
[SourceQuality "1"]

1. e4 c5 2. Nf3 Nc6 3. Bb5 Nf6 4. d3 g6 5. 0-0 Bg7 6. c3 0-0 7. Nbd2 Ne8 8. Re1 Nc7 9. Bxc6 dxc6 10. Nf1 e5 11. Be3 b6 12. Qc2 Bg4 13. N1d2 Ne6 14. h3 Bxf3 15. Nxf3 Qc7 16. Rad1 Rfd8 17. Ng5 Nxg5 18. Bxg5 Rd7 19. Be3 Rad8 20. Re2 c4 21. Red2 cxd3 22. Rxd3 Rxd3 23. Rxd3 h6 24. Qd2 Rxd3 25. Qxd3 Kh7 26. b4 Bf8 27. Qc4 Bd6 28. a4 Kg7 29. b5 cxb5 30. Qxc7 Bxc7 31. axb5 Kf6 32. Bxh6 Ke6 33. Be3 Bd6 34. Kf1 f5 35. f3 f4 36. Bf2 Ba3 37. Ke2 Bb2 38. Kd3 Kd6 39. c4 Ba3 40. Bh4 Bc5 41. Bf6 Bd4 42. Bh4 Bc5 43. Be1 Bd4 44. g3 fxg3 45. Bxg3 Bb2 46. f4 Ke6 47. fxe5 Bc1 48. h4 Bb2 49. Bf4 Ba1 50. c5 bxc5 51. Kc4 Bd4 52. Bg3 Be3 53. Kd3 Bd4 54. Kc4 Be3 55. Kb3 Bd4 56. Kc4 1/2-1/2

[Event "Titled Tuesday intern op 28th Feb Early"]
[Site "Chess.com INT"]
[Date "2023.02.28"]
[Round "1"]
[White "Sourath, Biswas"]
[Black "Tabak, Stefan"]
[Result "1-0"]
[WhiteElo "2264"]
[BlackElo "2144"]
[PlyCount "43"]
[EventDate "2023.02.28"]
[EventType "swiss (blitz)"]
[EventRounds "11"]
[EventCountry "USA"]
[SourceTitle "CBM 213 Extra"]
[Source "ChessBase"]
[SourceDate "2023.05.31"]
[SourceVersion "1"]
[SourceVersionDate "2023.05.31"]
[SourceQuality "1"]

1. d4 d5 2. Bf4 c5 3. e3 Nc6 4. Nf3 Nf6 5. Nbd2 Qb6 6. dxc5 Qxb2 7. Rb1 Qc3 8. Bb5 a6 9. Bxc6+ bxc6 10. 0-0 e6 11. Be5 Qa5 12. c4 Be7 13. Nb3 Qd8 14. Nbd4 Bd7 15. cxd5 exd5 16. Qc2 0-0 17. Rb7 Ne4 18. Nb3 Bf5 19. Nfd4 Bg6 20. Nxc6 Ng3 21. Qb2 Nxf1 22. Nxd8 1-0

[Event "Titled Tuesday intern op 28th Feb Early"]
[Site "Chess.com INT"]
[Date "2023.02.28"]
[Round "6"]
[White "Tabak, Stefan"]
[Black "Gritsenko, Nikolai"]
[Result "0-1"]
[WhiteElo "2144"]
[BlackElo "2309"]
[PlyCount "92"]
[EventDate "2023.02.28"]
[EventType "swiss (blitz)"]
[EventRounds "11"]
[EventCountry "USA"]
[SourceTitle "CBM 213 Extra"]
[Source "ChessBase"]
[SourceDate "2023.05.31"]
[SourceVersion "1"]
[SourceVersionDate "2023.05.31"]
[SourceQuality "1"]

1. e4 d5 2. exd5 Nf6 3. Nf3 Nxd5 4. Be2 Nf4 5. 0-0 Nxe2+ 6. Qxe2 Nc6 7. c3 e6 8. d4 Be7 9. Bf4 0-0 10. Nbd2 b6 11. Ne4 Bb7 12. Rfe1 Re8 13. Rad1 Rc8 14. a3 h6 15. c4 Bf8 16. Nc3 Qf6 17. Bg3 Ne7 18. Ne5 Nf5 19. Ne4 Bxe4 20. Qxe4 c5 21. d5 exd5 22. Rxd5 Nxg3 23. hxg3 Re6 24. f4 Rce8 25. Qd3 Bd6 26. Qc3 Bxe5 27. Rexe5 Rxe5 28. Rxe5 Rxe5 29. fxe5 Qf5 30. Qe3 g5 31. b4 cxb4 32. axb4 Qb1+ 33. Kh2 Qxb4 34. e6 Qe7 35. exf7+ Kxf7 36. Qf3+ Kg7 37. Qd5 a5 38. Qb5 Qc7 39. Qa4 h5 40. Qe8 h4 41. Kh1 hxg3 42. Qe6 Qf4 43. Qe7+ Kg6 44. Qe8+ Qf7 45. Qe4+ Kh6 46. Qc6+ Kh5 0-1